| 000 | 00482nam a2200181Ia 4500 | ||
|---|---|---|---|
| 001 | 5230 | ||
| 005 | 20260306145853.0 | ||
| 008 | 260306t2021||||xx |||||||||||||| ||spa|| | ||
| 041 | _aESP | ||
| 082 |
_a338.23 _bC77 |
||
| 100 |
_aCooper Fort, Claudia, _eAUT |
||
| 245 | 0 |
_aMinería y equilibrio económico : _bel bienestar de todos los peruanos exige consensos |
|
| 260 | _c2021 | ||
| 300 |
_a84 páginas : _c19 cm. |
||
| 650 | _aGEN | ||
| 654 | _aCAN | ||
| 942 |
_cLIB _dJUS _fJUS _2ddc _n |
||
| 999 |
_c5230 _d5230 |
||